|
|
|
|
| LEADER |
00000nam0a2200000 4500 |
| 001 |
266390 |
| 005 |
20231101234009.0 |
| 035 |
|
|
|a (RuTPU)RU\TPU\book\289410
|
| 090 |
|
|
|a 266390
|
| 100 |
|
|
|a 20140708d1986 km y0rusy50 ca
|
| 101 |
0 |
|
|a rus
|
| 102 |
|
|
|a RU
|
| 105 |
|
|
|a a g 001zy
|
| 200 |
1 |
|
|a Сети связи. Каналообразующая и коммутационная телеграфная аппаратура
|e справочник
|f под ред. В. И. Короля
|
| 210 |
|
|
|a Москва
|c Радио и связь
|d 1986
|
| 215 |
|
|
|a 256 с.
|c ил.
|
| 225 |
1 |
|
|a Справочник
|
| 320 |
|
|
|a Библиогр.: с. 251-253.
|
| 606 |
1 |
|
|a Телеграфные сети
|2 stltpush
|3 (RuTPU)RU\TPU\subj\59237
|9 76802
|
| 606 |
1 |
|
|a Телеграфная аппаратура
|2 stltpush
|3 (RuTPU)RU\TPU\subj\59226
|9 76791
|
| 610 |
1 |
|
|a телеграфная связь
|
| 610 |
1 |
|
|a обслуживание
|
| 610 |
1 |
|
|a качество
|
| 610 |
1 |
|
|a контроль
|
| 610 |
1 |
|
|a измерение
|
| 610 |
1 |
|
|a управление
|
| 610 |
1 |
|
|a проектирование
|
| 610 |
1 |
|
|a каналообразующая аппаратура
|
| 610 |
1 |
|
|a каналы
|
| 610 |
1 |
|
|a согласующие устройства
|
| 610 |
1 |
|
|a коммутационная аппаратура
|
| 610 |
1 |
|
|a техническая эксплуатация
|
| 610 |
1 |
|
|a справочники
|
| 675 |
|
|
|a 621.394.7(035)
|v 3
|
| 675 |
|
|
|a 621.394.6(035)
|v 3
|
| 702 |
|
1 |
|a Король
|b В. И.
|g Виктор Иванович
|4 340
|
| 801 |
|
1 |
|a RU
|b 63413507
|c 20140708
|
| 801 |
|
2 |
|a RU
|b 63413507
|c 20151019
|g RCR
|
| 942 |
|
|
|c BK
|